Score 0/48 Timer 05:00
2 Plays Today
% Correct
THERE
93.7%
SLEPT
77.5%
SHAPE
77.1%
THROW
76.7%
SNAIL
73.2%
WORTH
72.2%
CLAPS
70.7%
BELOW
70.2%
THREE
69.1%
PLEAD
69%
TOPIC
67.8%
NAILS
65.7%
POINT
65.4%
ROUTE
64.7%
CRIED
62.7%
WORDY
61.2%
ANGLE
60.2%
BEGIN
57.2%
PELTS
56.5%
ANGEL
53.9%
CLASP
51.3%
SLAIN
49.6%
ROWDY
45.5%
ELBOW
44.4%
% Correct
BEING
40.6%
GLEAN
39.1%
SCALP
37.8%
PALED
37.6%
SPELT
36.4%
OUTER
35.6%
CRUEL
35.4%
HEAPS
34.7%
DICER
34.1%
BINGE
32.5%
BOWEL
30.6%
PINTO
28.9%
OPTIC
28.5%
DOWRY
27.9%
ETHER
23.3%
CIDER
21.5%
PHASE
19.6%
PEDAL
18.8%
LUCRE
18%
WROTH
17.3%
ULCER
14.4%
PICOT
12.8%
PITON
8.8%
OUTRÉ
5.6%

You're not logged in!

Compare scores with friends on all Sporcle quizzes.
OR
Log In

Sporcle TV

Today on Sporcle TV


Watch our educational content, quiz creation guides, and fun videos on Sporcle TV.

Show Comments

Extras

Top Quizzes Today


Score Distribution

Your Account Isn't Verified!

In order to create a playlist on Sporcle, you need to verify the email address you used during registration. Go to your Sporcle Settings to finish the process.

Report this User

Report this user for behavior that violates our Community Guidelines.

Details: